000 00261nam a2200097Ia 4500
001 1300165
005 20260420095859.0
008 260420s9999 xx 000 0 und d
245 0 _aALICE HARİKALAR ÜLKESİNDE
_cLEWIS CARROL
260 _bTİMAŞ ÇOCUK YAYINLARI
999 _c1300165
_d1300165